Statistiques concernant Les quartiers de Marseille

Cliquez ici pour prendre le quiz!

Statistiques générales

  • Ce quiz a été pris 1 191 fois
    (748 depuis la dernière actualisation)
  • Le résultat moyen est 30 sur 111

Statistiques - réponses

ArdtQuartier% Correct
VICastellane
79%
IILa Joliette
59%
XIIILa Rose
59%
INoailles
58%
ISaint-Charles
55%
XILa Valentine
49%
VIIILes Goudes
45%
XLa Timone
43%
VIILe Roucas Blanc
43%
IVLa Blancarde
42%
VIIILa Pointe Rouge
42%
IXSainte-Marguerite
42%
XSaint-Loup
42%
VIIEndoume
41%
XVIL'Estaque
41%
XVSaint-Antoine
41%
IIIBelle de Mai
40%
XIIIMalpassé
40%
XIISaint-Barnabé
39%
IVCinq Avenues
38%
XIIISaint-Just
38%
VBaille
37%
IBelsunce
37%
IVLes Chartreux
37%
VINotre-Dame-du-Mont
35%
VIIIPérier
35%
XIILa Fourragère
34%
XIIIChâteau Gombert
33%
IXMazargues
33%
XIISaint-Jean du Désert
33%
XIISaint-Julien
33%
XILa Pomme
32%
XIILes Caillols
32%
XLa Capelette
31%
VIVauban
31%
VIIIBonneveine
30%
XIVLes Arnavaux
30%
VSaint-Pierre
30%
VIISaint-Victor
30%
XVLes Aygalades
29%
VIPréfecture
29%
XIIISaint-Jérôme
29%
XISaint-Marcel
28%
XIVLe Merlan
27%
VIILe Pharo
27%
VIIISainte-Anne
27%
IIArenc
26%
VIIILa Plage
26%
IXLes Baumettes
26%
IXSormiou
26%
IVChutes-Lavie
25%
VLe Camas
25%
XVSaint-Louis
25%
XVLes Crottes
24%
IOpéra
24%
XIVSainte-Marthe
24%
VIIISaint-Giniez
24%
XVISaint-Henri
24%
XSaint-Tronc
24%
IXLe Redon
23%
XILes Camoins
23%
XIIILes Olives
23%
XIILes Trois Lucs
23%
XVISaint-André
23%
IIHôtel-de-Ville
22%
VIIIMontredon
22%
VIIILe Rouet
21%
IThiers
21%
XILa Valbarelle
20%
IXLe Cabot
20%
XILa Treille
19%
XMenpenti
19%
XIIMontolivet
19%
XIVSaint-Joseph
19%
IIISaint-Mauront
19%
XIIISaint-Mitre
19%
VIIBompard
18%
XVBorel
18%
ILe Chapitre
18%
VIILes Îles
18%
VILodi
18%
XPont-de-Vivaux
18%
XIVSaint-Barthélemy
18%
VLa Conception
17%
IIISaint-Lazare
17%
XISaint-Menet
17%
XIÉoures
16%
XVLa Cabucelle
16%
IXLa Panouse
16%
IIILa Villette
16%
XVLa Viste
16%
VIPalais de Justice
16%
XIIILa Croix-Rouge
15%
VIISaint-Lambert
15%
XILa Barasse
14%
XIIILes Médecins
14%
XVNotre-Dame Limite
14%
XIIIPalama
14%
IXVaufrèges
14%
VIIIVieille Chapelle
14%
XIVLe Canet
13%
IILes Grands-Carmes
13%
XVLa Calade
12%
XILes Accates
12%
XVILes Riaux
12%
IXCarpiagne
11%
XIVBon-Secours
10%
XILa Millière
10%
XIIILes Mourets
10%
XVLa Delorme
9%
XVVerduron
7%

Distribution des résultats

Percentile par nombre de réponses

% des personnes avec chaque résultat

Votre développement - résultats

Vous n’avez pas pris ce quiz depuis la dernière actualisation